000 00583nam a2200181Ia 4500
005 20250508152039.0
008 008 250505s9999 xx 000 0 eng d
037 _aBooks to be hide in OPAC
040 _aFEDL
_beng
_cFEDL
041 _aeng
_2eng
084 _a364.3, MIS/O
_qFEDL
100 _aMishra R B
_9760629
245 0 _aReport on the working of the pilot centre for the education of juvenile delinquents
260 _aBihar, India
_bThe Research and Publication Division
_c1957
300 _a72p
942 _cHB
_h364.3, MIS/O
999 _c1333908
_d1333908